[Event "Moscow op-F 13th"]
[Site "Moscow"]
[Date "2017.02.04"]
[Round "9"]
[White "Matsenko, Andrei"]
[Black "Belousov, Ivan"]
[Result "1-0"]
[WhiteElo "2356"]
[BlackElo "2094"]
[PlyCount "130"]
[EventDate "2017.01.27"]
[EventType "swiss"]
[EventRounds "9"]
[EventCountry "RUS"]
[SourceTitle "CBM 176 Extra"]
[Source "ChessBase"]
[SourceDate "2017.03.02"]
[SourceVersion "1"]
[SourceVersionDate "2017.03.02"]
[SourceQuality "1"]

1. d4 d5 2. c4 c6 3. Nf3 Nf6 4. e3 e6 5. Nc3 Nbd7 6. Qc2 a6 7. b3 Be7 8. Bd3 0-0 9. 0-0 b5 10. Bb2 Bb7 11. c5 g6 12. Ne2 Nh5 13. Nf4 Nxf4 14. exf4 Qc7 15. g3 Rae8 16. Rfe1 Bc8 17. Kg2 Bf6 18. h4 Bg7 19. h5 f5 20. hxg6 hxg6 21. Rh1 Bf6 22. Rae1 Rf7 23. Rh6 Nf8 24. Ne5 Bxe5 25. fxe5 Ree7 26. Bc1 Rh7 27. Reh1 Reg7 28. Bg5 Bd7 29. Qd2 Be8 30. b4 Nd7 31. Qf4 Rxh6 32. Bxh6 Rh7 33. Qg5 Nf8 34. a4 Qe7 35. Qf4 Nd7 36. axb5 cxb5 37. Bg5 Qf7 38. Ra1 Nb8 39. Bf6 Bc6 40. g4 Bb7 41. Kf3 Nc6 42. Rb1 Bc8 43. Ke3 Rh3+ 44. Kd2 Qh7 45. gxf5 exf5 46. e6 Bxe6 47. Re1 Qd7 48. Rg1 Kf7 49. Qh6 Ke8 50. Qxg6+ Qf7 51. Bxf5 Qxg6 52. Bxg6+ Bf7 53. Be5 Bxg6 54. Rxg6 Nxb4 55. c6 Rd3+ 56. Ke2 Rc3 57. c7 Kd7 58. Rg7+ Ke6 59. Rg8 a5 60. c8Q+ Rxc8 61. Rxc8 a4 62. Rb8 a3 63. Ra8 a2 64. Kd2 Kd7 65. Kc3 Kc6 1-0